| 000 | 00498nam a22001577a 4500 | ||
|---|---|---|---|
| 008 | 230608b |||||||| |||| 00| 0 eng d | ||
| 040 |
_aNational Science Library _cNational Science Library |
||
| 080 |
_a620.91.004.4(082.2) _bM1 |
||
| 245 |
_aEnergy storage and transportation: _bProspects for new technologies |
||
| 260 |
_aLondon: _bD Reidel Publishing Company, _c1979 |
||
| 300 | _a497p. | ||
| 650 | _aScience | ||
| 653 | _aNatural resources | ||
| 700 | _aBeghi, G (Ed.) | ||
| 942 |
_2udc _cBK |
||
| 999 |
_c41236 _d41236 |
||